| 000 | 00558nam a22001817a 4500 | ||
|---|---|---|---|
| 003 | LC | ||
| 005 | 20170228105821.0 | ||
| 008 | 121210t xxu||||| |||| 00| 0 eng d | ||
| 020 | _a9715501354 | ||
| 050 |
_aGN 308.3 _b.Sc425 1995 |
||
| 082 |
_aFIL 305.8 _bS8 1994 |
||
| 100 | _aScott, William Henry | ||
| 245 |
_aBarangay : _cWilliam Henry Scott. _bsixteenth-century Philippine culture and society / |
||
| 260 |
_aQuezon City : _b Ateneo de Manila University Press, _c1995. |
||
| 300 |
_a306 p. : _bill. ; . _c22 cm. |
||
| 526 | _c880L-960L | ||
| 942 |
_2lcc _cBK |
||
| 999 |
_c1577 _d1577 |
||